Participants d'on ne demande qu'à en rire par images - Statistiques

Statistiques générales
  • Ce quiz a été pris 182 fois
  • Le résultat moyen est 9 sur 16
Statistiques - réponses
Par images Hint Réponse % Correct
78 passages Arnaud Tsamere
95%
70 passages Artus
93%
77 passages Jérémy Ferrari
93%
64 passages Florent Peyre
76%
74 passages Olivier de Benoist
73%
46 passages Vérino
59%
49 passages Nicole Ferroni
56%
75 passages Garnier et Sentou
53%
72 passages Les Lascars gays
49%
51 passages Constance
46%
55 passages Donel Jack'sman
44%
52 passages Babass
40%
43 passages Les Décaféinés
36%
52 passages Lamine Lezghad
35%
75 passages Sacha Judaszko
30%
52 passages Steeven et Christopher
19%
Aucun quiz correspondant
Distribution des résultats
% des personnes avec chaque résultat
Percentile par nombre de réponses
Votre historique - résultats
Vous n’avez pas pris ce quiz